The psychology of knowing / (Record no. 173225)

MARC details
000 -LEADER
campo de control de longitud fija 01013nam a2200277 i 4500
001 - NÚMERO DE CONTROL
campo de control 173225
003 - IDENTIFICADOR DE NÚMERO DE CONTROL
campo de control ES-MaACL
005 - FECHA Y HORA DE LA ÚLTIMA TRANSACCIÓN
campo de control 20250822030846.0
008 - DATOS DE LONGITUD FIJA--INFORMACIÓN GENERAL
campo de control de longitud fija 091119s1972 xxu rn |||| | eng d
020 ## - NÚMERO INTERNACIONAL ESTÁNDAR DEL LIBRO
Número Internacional Estándar del Libro 0677138504
080 ## - NÚMERO DE LA CLASIFICACIÓN DECIMAL UNIVERSAL
Número de la Clasificación Decimal Universal 159.95
245 04 - MENCIÓN DEL TÍTULO
Título The psychology of knowing /
Mención de responsabilidad, etc. edited by Joseph R. Royce and Wm. W. Rozeboom.
260 ## - PUBLICACIÓN, DISTRIBUCIÓN, ETC.
Lugar de publicación, distribución, etc. New York :
Nombre del editor, distribuidor, etc. Gordon and Breach,
Fecha de publicación, distribución, etc. [1972]
300 ## - DESCRIPCIÓN FÍSICA
Extensión VII, 496 p. ;
Dimensiones 24 cm.
500 ## - NOTA GENERAL
Nota general Bibliografía.
500 ## - NOTA GENERAL
Nota general Índices.
594 ## - Nota al título y mención de responsabilidad
Nota al título y mención de responsabilidad En verso de port.: The Second Banff Conference on Theoretical Psychology... supported by the Scientific Affairs Division of the...NATO.
650 #4 - PUNTO DE ACCESO ADICIONAL DE MATERIA--TÉRMINO DE MATERIA
Término de materia o nombre geográfico como elemento de entrada Epistemología.
9 (RLIN) 12338
650 #4 - PUNTO DE ACCESO ADICIONAL DE MATERIA--TÉRMINO DE MATERIA
Término de materia o nombre geográfico como elemento de entrada Conocimiento.
9 (RLIN) 11281
650 07 - PUNTO DE ACCESO ADICIONAL DE MATERIA--TÉRMINO DE MATERIA
Término de materia o nombre geográfico como elemento de entrada Psicología cognitiva
Fuente del encabezamiento o término embne
9 (RLIN) 16554
700 1# - ENTRADA AGREGADA--NOMBRE PERSONAL
Nombre de persona Royce, Joseph R.
9 (RLIN) 141580
700 1# - ENTRADA AGREGADA--NOMBRE PERSONAL
Nombre de persona Rozeboom, William Warren.
9 (RLIN) 141581
740 0# - ENTRADA AGREGADA--TÍTULO RELACIONADO/ANALÍTICO NO CONTROLADO
Título relacionado o analítico no controlado Banff Conference on Theoretical Psychology.
Número de parte o sección de la obra 2.
852 4# - LOCALIZACIÓN
Ubicación ES-MaACL
Número de control de estantería E-13201
itemnumber R.138203 . -
Nota libre Donativo Dr. Calles
Holdings
Estatus retirado Estado de pérdida Estado de daño No para préstamo Biblioteca de origen Biblioteca actual Ubicación en estantería Fecha de adquisición Fuente de adquisición Total de préstamos Signatura topográfica completa Código de barras Visto por última vez Precio de reemplazo Tipo de ítem Koha
        Biblioteca del Ateneo de Madrid Biblioteca del Ateneo de Madrid Depósito 2 19/11/2009     E-13201 1181765 23/02/2023 23/02/2023 Libro impreso